Catálogo
 En Linea

Histoire générale des sciences / (Registro nro. 34928)

Detalles MARC
000 -CABECERA
campo de control de longitud fija 00643nam a2200157 a 4500
001 - NÚMERO DE CONTROL
campo de control 000035437
005 - FECHA Y HORA DE LA ÚLTIMA TRANSACCIÓN
campo de control 20200930074337.0
008 - DATOS DE LONGITUD FIJA--INFORMACIÓN GENERAL
campo de control de longitud fija 111031s19571964fr a 000 f spa d
040 ## - FUENTE DE LA CATALOGACIÓN
Centro catalogador/agencia de origen DO-SdBNP
Lengua de catalogación spa
Centro/agencia transcriptor BNPHU
082 ## - NÚMERO DE LA CLASIFICACIÓN DECIMAL DEWEY
Número de clasificación xxxx
Número de documento/Ítem H673
245 03 - MENCIÓN DE TÍTULO
Título Histoire générale des sciences /
Mención de responsabilidad, etc. publiée sous la direction de René Taton.
260 ## - PUBLICACIÓN, DISTRIBUCIÓN, ETC.
Lugar de publicación, distribución, etc. Paris, :
Nombre del editor, distribuidor, etc. Presses universitaires de France,
Fecha de publicación, distribución, etc. 1957-1964.
300 ## - DESCRIPCIÓN FÍSICA
Extensión 3 v. :
Otras características físicas il. ;
Dimensiones 23 cm.
505 0# - NOTA DE CONTENIDO CON FORMATO
Nota de contenido con formato Contenido : v. 1 La science antique et mediévale : (Des origenes á 1450). -- v. 2 La science moderne : (De 1450 á 1800). --v. 3 La science contemporaine
700 1# - PUNTO DE ACCESO ADICIONAL--NOMBRE DE PERSONA
Nombre de persona Taton, René
Fechas asociadas al nombre 1915-
9 (RLIN) 61271
Existencias
Estado de retiro Estado de pérdida Restricciones de uso No para préstamo Código de colección Localización permanente Ubicación/localización actual Ubicación en estantería Fecha de adquisición Número de inventario Total de préstamos Signatura topográfica completa Código de barras Fecha visto por última vez Precio válido a partir de Tipo de ítem Koha Nota pública Número de copia
      Excluido de préstamo Monografías: Libros y Folletos General General En catalogación 31.10.2011 LF1   v. 1 35437-10 25.06.2020 25.06.2020 No se presta Perteneció a la biblioteca personal de Juan Isidro Jimenes Grullón.  
      Excluido de préstamo Monografías: Libros y Folletos General General En catalogación 02.11.2011 LF1   xxxx H673 35437-20 25.06.2020 25.06.2020 No se presta Perteneció a la biblioteca personal de Juan Isidro Jimenes Grullón. e. 2, v. 2
      Excluido de préstamo Monografías: Libros y Folletos General General En catalogación 02.11.2011 LF1   xxxx H673 35437-30 25.06.2020 25.06.2020 No se presta Perteneció a la biblioteca personal de Juan Isidro Jimenes Grullón. e. 3, v. 3

Con tecnología Koha